000 00838cam a22002058i 4500
020 _a9781847928061
082 0 0 _a323.440 973 SNY/O
100 1 _aSnyder, Timothy,
245 1 0 _aOn freedom /
_cby Timothy Snyder.
250 _aFirst edition.
260 _a. - UK
_b: Penguin Random house
_c, 2024
300 _a1 online resource
500 _aIncludes index.
505 0 _aFreedom -- Sovereignty -- Unpredictability -- Mobility -- Factuality -- Solidarity -- Government.
520 _a"A brilliant exploration of freedom-what it is, how it's been misunderstood, and why it's our only chance for survival-by the acclaimed Yale historian and author of the #1 New York Times bestseller On Tyranny"--
650 0 _aLiberty.
650 0 _aDemocracy
_zUnited States.
650 0 _aPolitical culture
_zUnited States.
942 _2ddc
_cBK
999 _c750054
_d750054